Transport is the key (Record no. 71083)
[ view plain ]
| 000 -LEADER | |
|---|---|
| fixed length control field | 01113cam a2200241 4500 |
| 001 - CONTROL NUMBER | |
| control field | ABS65816 |
| 008 - FIXED-LENGTH DATA ELEMENTS--GENERAL INFORMATION | |
| fixed length control field | 020904n2002 000 0 eng u |
| 035 ## - SYSTEM CONTROL NUMBER | |
| System control number | (Sirsi) u119560 |
| 100 ## - MAIN ENTRY--PERSONAL NAME | |
| Personal name | Jones, N. |
| 245 ## - TITLE STATEMENT | |
| Title | Transport is the key |
| 260 ## - PUBLICATION, DISTRIBUTION, ETC. | |
| Date of publication, distribution, etc. | 2002 |
| 490 ## - SERIES STATEMENT | |
| Series statement | Estates Gazette |
| Volume/sequential designation | (0235) 31 August 2002, 63-64(2) |
| 520 ## - SUMMARY, ETC. | |
| Summary, etc. | Examines business opportunities in the southwest of the UK and the attempts by organisations such as the newly developed South West of England Regional Development Agency to attract more occupiers. Notes that the regional assembly has won over sceptics that argued it would be dominated by the stronger local economies of Greater Bristol or Swindon. Important to the success of the commercial property market in the area over the next decade will be an improvement in the investment level for roads and rail. |
| 590 ## - LOCAL NOTE (RLIN) | |
| Local note | ABS |
| 650 ## - SUBJECT ADDED ENTRY--TOPICAL TERM | |
| Topical term or geographic name entry element | SOUTH WEST |
| 650 ## - SUBJECT ADDED ENTRY--TOPICAL TERM | |
| Topical term or geographic name entry element | OCCUPIERS |
| 650 ## - SUBJECT ADDED ENTRY--TOPICAL TERM | |
| Topical term or geographic name entry element | REGIONAL ASSEMBLIES |
| 650 ## - SUBJECT ADDED ENTRY--TOPICAL TERM | |
| Topical term or geographic name entry element | METEOROLOGICAL OFFICE |
| 650 ## - SUBJECT ADDED ENTRY--TOPICAL TERM | |
| Topical term or geographic name entry element | TRANSPORT LINKS |
| 650 ## - SUBJECT ADDED ENTRY--TOPICAL TERM | |
| Topical term or geographic name entry element | TRANSPORT NETWORKS |
| 690 ## - LOCAL SUBJECT ADDED ENTRY--TOPICAL TERM (OCLC, RLIN) | |
| Topical term or geographic name as entry element | PROPERTY-PROPERTY DEVELOPMENT |
| 942 ## - ADDED ENTRY ELEMENTS (KOHA) | |
| Suppress in OPAC | 0 |
| Withdrawn status | Lost status | Source of classification or shelving scheme | Damaged status | Not for loan | Home library | Current library | Shelving location | Date acquired | Total Checkouts | Full call number | Barcode | Date last seen | Copy number | Price effective from | Koha item type |
|---|---|---|---|---|---|---|---|---|---|---|---|---|---|---|---|
| Dewey Decimal Classification | London | London | Journal article | 04/09/2002 | ABS65816 | 119560-1001 | 06/08/2019 | 1 | 06/08/2019 | Journal article |